书目信息 |
| 题名: |
高级英语阅读
|
|
| 作者: | 刘金娟 , 刘玉珍 主编 | |
| 分册: | 社会科学篇 | |
| 出版信息: | 天津 天津大学出版社 2006.09 |
|
| 页数: | 318页 | |
| 开本: | 24cm | |
| 丛书名: | 《高级英语阅读》系列丛书 | |
| 单 册: | ||
| 中图分类: | H319.4 | |
| 科图分类: | ||
| 主题词: | 英语--ying yu--阅读教学--高等学校--教材 | |
| 电子资源: | ||
| ISBN: | 7-5618-2314-2 | |
| 000 | 01125nam 2200277 450 | |
| 001 | 012006490032 | |
| 005 | 20070530093716.82 | |
| 010 | @a7-5618-2314-2@dCNY32.00 (含光盘) | |
| 100 | @a20061216d2006 km y0chiy0120 ea | |
| 101 | 0 | @achi@aeng |
| 102 | @aCN@b120000 | |
| 105 | @ay z 000yy | |
| 200 | 1 | @a高级英语阅读@Agao ji ying yu yue du@i社会科学篇@f刘金娟, 刘玉珍主编@Fliu jin juan,liu yu zhen zhu bian |
| 210 | @a天津@c天津大学出版社@d2006.09 | |
| 215 | @a318页@d24cm@e光盘1片 | |
| 225 | 2 | @a《高级英语阅读》系列丛书@A《gao ji ying yu yue du》xi lie cong shu |
| 307 | @a光盘 ISBN : 7-900679-30-8 | |
| 330 | @a本书由数个单元组成,每个单元围绕一个研究领域讨论,其中包括三篇课文,介绍该领域研究的主要内容及人们所关心的问题。本册包括社会学、语言学、人类学、哲学、政治学、经济学、文学等领域的研究。 | |
| 410 | 0 | @12001 @a《高级英语阅读》系列丛书 |
| 517 | 1 | @a社会科学篇@Ashe hui ke xue pian |
| 606 | 0 | @a英语@Aying yu@x阅读教学@x高等学校@j教材 |
| 690 | @aH319.4@v4 | |
| 701 | 0 | @a刘金娟@Aliu jin juan@4主编 |
| 701 | 0 | @a刘玉珍@Aliu yu zhen@4主编 |
| 801 | 0 | @aCN@c20070530 |
| 905 | @b232588-90@dH319.4@eL632 | |
| 高级英语阅读.社会科学篇/刘金娟, 刘玉珍主编.-天津:天津大学出版社,2006.09 |
| 318页;24cm+光盘1片.-(《高级英语阅读》系列丛书) |
| ISBN 7-5618-2314-2:CNY32.00 (含光盘) |
| 本书由数个单元组成,每个单元围绕一个研究领域讨论,其中包括三篇课文,介绍该领域研究的主要内容及人们所关心的问题。本册包括社会学、语言学、人类学、哲学、政治学、经济学、文学等领域的研究。 |
| ● |
| 相关链接 |
|
|
|
正题名:高级英语阅读
索取号:H319.4/L632
 
预约/预借
| 序号 | 登录号 | 条形码 | 馆藏地/架位号 | 状态 | 备注 |
| 1 | 232588 | 202325885 | 语言库209/209语言库 16排2列3层/ [索取号:H319.4/L632] | 在馆 | |
| 2 | 232589 | 202325894 | 语言库209/209语言库 16排2列3层/ [索取号:H319.4/L632] | 在馆 | |
| 3 | 232590 | 202325901 | 语言库209/209语言库 16排2列3层/ [索取号:H319.4/L632] | 在馆 |